| 000 | 00695cam a2200229 4500 | ||
|---|---|---|---|
| 001 | WB3601-47 | ||
| 008 | 000000n2000 000 0 eng u | ||
| 035 | _a(Sirsi) u103398 | ||
| 245 | _aEU focuses aid on poorest regions | ||
| 260 | _c2000 | ||
| 490 |
_aFinancial Times _v5 January 2000, 6(1) |
||
| 520 | _aLooks at the effect of the EU first Objective One aid programme on Merseyside and Merthyr Tydfil, in the week that the new programme is launched. | ||
| 590 | _aWB | ||
| 650 | _aOBJECTIVE ONE FUNDING | ||
| 650 | _aEUROPEAN UNION | ||
| 650 | _aEU AID | ||
| 650 | _aMERSEYSIDE | ||
| 650 | _aMERTHYR TYDFIL | ||
| 650 | _aWELSH VALLEYS | ||
| 690 | _aREGENERATION | ||
| 942 | _n0 | ||
| 999 |
_c62138 _d62138 |
||